00566cam a2200169 a 450000100100000000500170001000800410002704000250006808200160009310000440010924501270015326000400028030000210032049000190034170000170036083000190037700003571320200930074543.0790517s1958 sp 000 0 spa d aDO-SdBNPbspacBNPHU axxxxbG599f1 aGoethe, Johann Wolfgang Von,d1749-183210aFausto /cJohann Wolfgang Goethe ;traducción del alemán y notas por N. S. L. ; con una nota prologada del Jaime Ardal. aSantiago de Chile :bIberia,c1958. a318 p. ;c18 cm.1 aObras maestras1 aArdal, Jaime 0aObras maestras